Obálka Náhled e-knihy:
Epub
Pro půjčování e-knih musíte být přihlášeni.
Jak si půjčit online?

Sirotčinec slečny Peregrinové. Kniha čtvrtá, Mapa dní /

Román je pokračováním příběhu mladého Jacoba, který se po všech peripetiích vrací domů za doprovodu svých podivných přátel.

Uloženo v:
Série:Sirotčinec slečny Peregrinové, část 4
Hlavní autor: Riggs, Ransom, 1979- (Autor)
Další autoři: Grygová, Bronislava, 1959- (Autor)
Médium: E-kniha
Jazyk:Czech
Vydáno: V Brně : Jota, 2019
Vydání:Vydání první
Témata:
Příbuzné jednotky:Z cyklu:: Sirotčinec slečny Peregrinové
Tagy:
Žádné tagy
LEADER 02538cam a2200445 i 4500
001 311031
003 CZ PrSKC
005 20260601215658.0
007 ta
008 190507s2019 xr a g 000 f cze d
015 |a cnb003097589 
020 |a 9788075654885  |q (vázáno) 
035 |a (OCoLC)1111971598 
040 |a TUG001  |b cze  |d ABG001  |e rda 
041 1 |a cze  |h eng 
072 7 |a 821.111(73)-3  |x Americká próza  |2 Konspekt 
080 |a 821.111(73)-31  |2 MRF 
080 |a (0:82-312.9)  |2 MRF 
100 1 |a Riggs, Ransom,  |d 1979-  |7 xx0154924  |4 aut 
240 1 0 |a Map of days.  |l Česky 
245 1 0 |a Sirotčinec slečny Peregrinové.  |n Kniha čtvrtá,  |p Mapa dní /  |c Ransom Riggs ; z anglického originálu A map of days ... přeložila Bronislava Grygová 
246 3 0 |a Mapa dní 
250 |a Vydání první 
264 1 |a V Brně :  |b Jota,  |c 2019 
300 |a 497 stran :  |b ilustrace ;  |c 21 cm 
336 |a text  |b txt  |2 rdacontent 
337 |a bez média  |b n  |2 rdamedia 
338 |a svazek  |b nc  |2 rdacarrier 
520 2 |a Román je pokračováním příběhu mladého Jacoba, který se po všech peripetiích vrací domů za doprovodu svých podivných přátel.  |b Poté, co odvrátil obrovskou hrozbu, která téměř zničila svět podivných, se Jacob vrací na Floridu. Avšak s tím rozdílem, že teď jsou slečna Peregrinová, Emma a jejich podivní přátelé s ním a snaží se co nejlépe splynout se světem normálních. Ovšem bezstarostné dny na pláži a poznávání reálií 21. století brzy přeruší objev podzemního bunkru, který patřil Abeovi, Jacobovu dědečkovi. Na povrch vycházejí překvapivé informace a dávná tajemství. A Jacob začíná poznávat nebezpečný odkaz, který zdědil. Nakladatelská anotace. Kráceno. 
655 7 |a americké romány  |7 fd131796  |2 czenas 
655 7 |a fantasy romány  |7 fd184199  |2 czenas 
655 9 |a American fiction  |2 eczenas 
655 9 |a fantasy novels  |2 eczenas 
700 1 |a Grygová, Bronislava,  |d 1959-  |7 kup19950000034097  |4 trl 
787 0 8 |i Z cyklu:  |t Sirotčinec slečny Peregrinové  |g 4 
900 |a ABA001  |b 21 
044 |a xr 
910 |a RBIT002 
998 |d 184576  |a https://core.palmknihy.cz/api/books/184576/cover?ppzpza  |b https://core.palmknihy.cz/api/books/184576/cover/400?ppzpza  |c https://core.palmknihy.cz/api/books/184576/cover/50?ppzpza  |e 2028-10-24  |g 504  |i 9788075654885  |j https://core.palmknihy.cz/api/books/184576/preview.epub  |l   |q 49  |r 1  |s https://www.palmknihy.cz/kniha/184576  |t ebook  |y 2019  |z 0  |v Sirotčinec slečny Peregrinové  |w 4 
999 |d 311029